| 000 | 00795nam a22001817a 4500 | ||
|---|---|---|---|
| 003 | BR-ViAPE | ||
| 005 | 20260602122927.0 | ||
| 008 | 260602s1878 por gs|||| 000 0 por d | ||
| 040 | _cBR-ViAPE | ||
| 245 | _aBreve notícia descritiva sobre a Província do Espírito Santo | ||
| 260 |
_aRio de Janeiro _b[s.n.] _c1878 |
||
| 300 |
_a35 p. _bDocumento digitalizado (PDF) |
||
| 500 | _aDocumento digitalizado do acervo institucional do Arquivo Público do Estado do Espírito Santo - APEES. | ||
| 650 |
_aHistória _xProvíncia _zEspírito Santo (Estado) |
||
| 651 | _aEspírito Santo (Brasil) | ||
| 856 |
_uhttps://ape.es.gov.br/Media/ape/PDF/Livros/Livros_Historicos/Obras_raras/seculo_XIX/APEES_OR_breve_noticia_descrit_1878.pdf _yCLIQUE AQUI PARA ACESSAR O DOCUMENTO |
||
| 942 |
_2ddc _cOBRAS_RARA _n1 |
||
| 999 |
_c755 _d755 |
||